[Event "XXIII Festival A"]
[Site "Porto San Giorgio ITA"]
[Date "2011.08.22"]
[Round "2"]
[White "Esposito, Luca"]
[Black "Perogio, Lorenzo"]
[Result "1-0"]
[WhiteElo "2235"]
[BlackElo "1883"]
[PlyCount "63"]
[EventDate "2011.08.21"]

1. d4 Nf6 2. c4 d6 3. Nf3 g6 4. g3 Bg7 5. Bg2 O-O 6. Nc3 c6 7. O-O Nbd7 8. e4
e5 9. h3 Re8 10. Be3 Qc7 11. Qc2 Nh5 12. Rfd1 Nf8 13. c5 dxc5 14. dxe5 Ne6 15.
Ne2 Bxe5 16. Nxe5 Qxe5 17. f4 Qf6 18. Kh2 Qe7 19. Qc3 f5 20. e5 Kh8 21. Rd6 Rg8
22. Bxc5 g5 23. Bf3 g4 24. hxg4 fxg4 25. Be4 Nxc5 26. Qxc5 Be6 27. f5 b6 28.
Qc3 Raf8 29. Rxe6 Qxe6 30. fxe6 Rf2+ 31. Bg2 Rxe2 32. e7 1-0

[Event "XXIII Festival A"]
[Site "Porto San Giorgio ITA"]
[Date "2011.08.22"]
[Round "2"]
[White "Faccia, Sergio"]
[Black "Giobbi, Costantino"]
[Result "1-0"]
[WhiteElo "2078"]
[BlackElo "1878"]
[PlyCount "123"]
[EventDate "2011.08.21"]

1. e4 d6 2. d4 Nf6 3. Nc3 e5 4. Nf3 Nbd7 5. dxe5 dxe5 6. Bc4 Be7 7. Bg5 O-O 8.
O-O c6 9. a4 b6 10. Qe2 Qc7 11. Rad1 Re8 12. h3 Nf8 13. Bh4 Ng6 14. Bg3 Bf8 15.
Ng5 Re7 16. Rd2 h6 17. Nf3 Be6 18. Bxe6 Rxe6 19. Rfd1 Rae8 20. Qc4 R6e7 21. Rd6
Re6 22. R6d2 Rd6 23. Nb5 Rxd2 24. Rxd2 Qb8 25. Nc3 Qc8 26. b4 Nh5 27. Bh2 Nhf4
28. Ne2 Nxe2+ 29. Rxe2 Qe6 30. Qxe6 Rxe6 31. c3 f6 32. Rd2 Rd6 33. Kf1 Kf7 34.
g3 Ke6 35. Ke2 a6 36. Ne1 Rxd2+ 37. Kxd2 Bd6 38. f3 h5 39. Bg1 b5 40. axb5 axb5
41. Nd3 f5 42. exf5+ Kxf5 43. Nf2 Bc7 44. Ne4 Ne7 45. Bc5 Nd5 46. Kd3 Ke6 47.
c4 bxc4+ 48. Kxc4 Nf6 49. Kd3 Nd5 50. Bf8 g6 51. Kc4 Bb6 52. Bc5 Bc7 53. Bf2
Nb6+ 54. Kc5 Kd7 55. Nf6+ Ke7 56. Kxc6 Kxf6 57. Bxb6 Bb8 58. Kb7 e4 59. Kxb8
exf3 60. Kc7 Kf5 61. Bg1 Ke4 62. b5 1-0

[Event "XXIII Festival A"]
[Site "Porto San Giorgio ITA"]
[Date "2011.08.22"]
[Round "2"]
[White "Foglia, Maurizio"]
[Black "Marinone, Lucio"]
[Result "0-1"]
[WhiteElo "2213"]
[BlackElo "2002"]
[PlyCount "102"]
[EventDate "2011.08.21"]

1. d4 Nf6 2. Nf3 g6 3. Nc3 Bg7 4. Bf4 O-O 5. Qd2 d6 6. Bh6 c5 7. Bxg7 Kxg7 8.
d5 a6 9. a4 Qa5 10. Ra3 e6 11. dxe6 Bxe6 12. Ng5 Nc6 13. Nxe6+ fxe6 14. e3 d5
15. Be2 Rad8 16. O-O d4 17. exd4 Nxd4 18. Kh1 Qb4 19. Qc1 c4 20. Bd1 Qd6 21.
Qe3 Rf7 22. Ne4 Nxe4 23. Qxe4 b5 24. Re3 Rf5 25. c3 Nc6 26. Bf3 Ne5 27. axb5
Nxf3 28. Rxf3 axb5 29. Re3 e5 30. g4 Rf4 31. Qxe5+ Qxe5 32. Rxe5 Rxg4 33. Rxb5
Rd2 34. h3 Rf4 35. Kg2 Kf6 36. Kg3 g5 37. f3 h5 38. Rf2 Rd3 39. Kg2 Rf5 40. Rb4
Rf4 41. Rb5 Kg6 42. Rb8 Kg7 43. Re8 Kg6 44. Ree2 Kg7 45. Rd2 Rfxf3 46. Rxd3
Rxf2+ 47. Kxf2 cxd3 48. c4 g4 49. hxg4 hxg4 50. c5 d2 51. Ke2 g3 0-1

[Event "XXIII Festival A"]
[Site "Porto San Giorgio ITA"]
[Date "2011.08.22"]
[Round "2"]
[White "Gensabella, Paolo"]
[Black "Pienabarca, Nicola"]
[Result "1/2-1/2"]
[WhiteElo "1906"]
[BlackElo "2110"]
[PlyCount "88"]
[EventDate "2011.08.21"]

1. d4 Nf6 2. Nf3 g6 3. e3 Bg7 4. Nbd2 d5 5. c3 O-O 6. Bd3 b6 7. O-O c5 8. Ne5
Bb7 9. Qe2 Nfd7 10. f4 Nxe5 11. fxe5 f6 12. Nf3 Nc6 13. exf6 Bxf6 14. Bd2 e5
15. Nxe5 Nxe5 16. dxe5 Bxe5 17. Rxf8+ Qxf8 18. Rf1 Qg7 19. e4 Re8 20. Bb5 Rd8
21. Bg5 Rf8 22. Rxf8+ Qxf8 23. exd5 Qd6 24. h3 Bxd5 25. Bc4 Kg7 26. Bxd5 Qxd5
27. a3 Qd6 28. Qd2 Kf7 29. Qxd6 Bxd6 30. Kf2 Ke6 31. c4 Kf5 32. Bd2 Ke4 33. Ke2
Be5 34. b3 Bb2 35. a4 Be5 36. a5 h5 37. axb6 axb6 38. Bg5 Bc3 39. Bd8 Ba5 40.
Bf6 Bc3 41. Bd8 Ba5 42. Bf6 Kf5 43. Bd8 g5 44. Kf3 g4+ 1/2-1/2

[Event "XXIII Festival A"]
[Site "Porto San Giorgio ITA"]
[Date "2011.08.22"]
[Round "2"]
[White "Ghidinelli, Giorgio"]
[Black "Mircoli, Filippo"]
[Result "1-0"]
[WhiteElo "1913"]
[BlackElo "1759"]
[PlyCount "99"]
[EventDate "2011.08.21"]

1. d4 e6 2. Nf3 d5 3. c4 Nf6 4. Bg5 h6 5. Bh4 Be7 6. e3 b6 7. Ne5 Bb7 8. Nc3
O-O 9. Rc1 Nbd7 10. f3 dxc4 11. Bxc4 Nd5 12. Bf2 c5 13. Bb5 Nxe5 14. dxe5 Qc7
15. e4 Nxc3 16. Rxc3 Qxe5 17. Bg3 Qd4 18. Qxd4 cxd4 19. Rc7 Bb4+ 20. Ke2 Rab8
21. a3 d3+ 22. Bxd3 Bc5 23. Be5 Rfc8 24. Rxc5 bxc5 25. Bxb8 Rxb8 26. b3 Kf8 27.
Rc1 Rc8 28. Rc4 Rc7 29. b4 Ke7 30. Rxc5 Rxc5 31. bxc5 Kd7 32. Bb5+ Bc6 33. a4
a6 34. Bxa6 Bxa4 35. Kd3 Kc6 36. Kc4 f6 37. f4 g5 38. g3 Bc2 39. Bb5+ Kc7 40.
Kd4 Bb1 41. Be8 Ba2 42. e5 f5 43. Bb5 Bb1 44. Bc4 Kd7 45. Kc3 Be4 46. Kb4 Bb7
47. Kb5 Bc8 48. Kb6 Kd8 49. Kc6 g4 50. Kd6 1-0

[Event "XXIII Festival A"]
[Site "Porto San Giorgio ITA"]
[Date "2011.08.22"]
[Round "2"]
[White "Guglielmi, Dante"]
[Black "Bighiu, Gheorghe"]
[Result "1/2-1/2"]
[WhiteElo "1878"]
[BlackElo "2062"]
[PlyCount "134"]
[EventDate "2011.08.21"]

1. c4 c6 2. Nf3 Nf6 3. Nc3 d5 4. e3 e6 5. Be2 Nbd7 6. b3 Bd6 7. O-O e5 8. d3
O-O 9. Bb2 Re8 10. cxd5 cxd5 11. Nb5 Bb8 12. Rc1 a6 13. Nc3 b5 14. Qc2 Bb7 15.
Nd2 e4 16. dxe4 dxe4 17. Rfd1 Be5 18. Nf1 Rc8 19. Qb1 Qe7 20. Ng3 g6 21. Qa1
Nb6 22. Rd2 h5 23. Rdc2 h4 24. Nf1 Red8 25. Nd1 Rxc2 26. Rxc2 Nfd7 27. Qc1 Rc8
28. Rxc8+ Nxc8 29. Bxe5 Nxe5 30. Qd2 Qg5 31. Kh1 Nb6 32. Nc3 f5 33. Qd6 Nbd7
34. Nd5 Bxd5 35. Qxd5+ Kg7 36. Qe6 Qf6 37. Qxf6+ Kxf6 38. a4 bxa4 39. bxa4 a5
40. Bb5 Ke7 41. Nd2 Kd6 42. Nb3 Nb6 43. Nxa5 Nd3 44. Kg1 Nc5 45. Be8 g5 46. Bg6
f4 47. exf4 gxf4 48. Kf1 Nbxa4 49. Nc4+ Kd5 50. Bf7+ Kd4 51. Nd6 e3 52. fxe3+
fxe3 53. Nb5+ Kd3 54. Ke1 Nc3 55. Bg6+ Kc4 56. Nd6+ Kd5 57. Ne8 Ke5 58. Bc2
N3e4 59. Nc7 Nc3 60. Ne8 Kd4 61. Ng7 Nd3+ 62. Bxd3 Kxd3 63. Nf5 Nd5 64. Nxh4
Nf4 65. g3 Ne2 66. Nf5 Ng1 67. Nxe3 Kxe3 1/2-1/2

[Event "XXIII Festival A"]
[Site "Porto San Giorgio ITA"]
[Date "2011.08.22"]
[Round "2"]
[White "Iaconi, Andrea"]
[Black "Di Donatantonio, Franco"]
[Result "0-1"]
[WhiteElo "1832"]
[BlackElo "2143"]
[PlyCount "58"]
[EventDate "2011.08.21"]

1. d4 d6 2. c4 Nf6 3. Nc3 Nbd7 4. e4 e5 5. d5 Be7 6. Nf3 Nc5 7. Bd3 Bg4 8. O-O
O-O 9. b4 Nxd3 10. Qxd3 a5 11. b5 Nd7 12. Na4 f5 13. h3 fxe4 14. Qxe4 Bxf3 15.
gxf3 Bg5 16. Bxg5 Qxg5+ 17. Qg4 Qd8 18. Rac1 Rf4 19. Qg3 Nf6 20. Rfe1 Nh5 21.
Qg2 Qh4 22. Nb2 Raf8 23. Rc3 R8f6 24. Kf1 Rg6 25. Qh2 Qf6 26. Ree3 Qf5 27. Nd3
Rxf3 28. Nxe5 Rxe3 29. Nxg6 Qb1+ 0-1

[Event "XXIII Festival A"]
[Site "Porto San Giorgio ITA"]
[Date "2011.08.22"]
[Round "2"]
[White "Korneev, Oleg"]
[Black "De Rosa, Mariagrazia"]
[Result "1-0"]
[WhiteElo "2588"]
[BlackElo "2106"]
[PlyCount "87"]
[EventDate "2011.08.21"]

1. e4 c5 2. Nf3 d6 3. d4 cxd4 4. Nxd4 Nf6 5. Nc3 a6 6. Be3 e6 7. f3 b5 8. Qd2
Bb7 9. O-O-O Nbd7 10. g4 h6 11. h4 b4 12. Na4 Qa5 13. b3 Nc5 14. a3 Rc8 15.
Qxb4 Qc7 16. Nxc5 dxc5 17. Qa4+ Nd7 18. Ne2 c4 19. Bf4 Qc6 20. Kb2 Qxa4 21.
bxa4 Be7 22. Be3 Ne5 23. Rh3 O-O 24. Nc3 Bc6 25. Bd4 Ng6 26. Bxc4 Bxa4 27. Ba2
e5 28. Nxa4 exd4 29. Bb3 Bxh4 30. Nb6 Rc6 31. Nd5 Bf2 32. f4 Re8 33. Rf3 Be3
34. Nxe3 dxe3 35. e5 e2 36. Re1 Nh4 37. Rf2 Rg6 38. Rexe2 Rxg4 39. e6 Kf8 40.
exf7 Rb8 41. f5 Rg5 42. f6 gxf6 43. Rxf6 Rg6 44. Re8+ 1-0

[Event "XXIII Festival A"]
[Site "Porto San Giorgio ITA"]
[Date "2011.08.22"]
[Round "2"]
[White "Liguori, Renato"]
[Black "Bruno, Fabio"]
[Result "0-1"]
[WhiteElo "2100"]
[BlackElo "2466"]
[PlyCount "130"]
[EventDate "2011.08.21"]

1. d4 Nf6 2. c4 e6 3. Nc3 Bb4 4. e3 b6 5. Bd3 Bxc3+ 6. bxc3 Bb7 7. f3 d6 8. Ne2
c5 9. O-O Nc6 10. f4 Na5 11. Ng3 h5 12. Qe2 h4 13. Nh1 h3 14. e4 hxg2 15. Qxg2
Qe7 16. Ng3 g6 17. f5 gxf5 18. Bg5 Rg8 19. h4 Rxg5 20. hxg5 Nxe4 21. Nxe4 fxe4
22. Bxe4 Bxe4 23. Qxe4 Qxg5+ 24. Kf2 Rd8 25. Rg1 Qd2+ 26. Kf1 Qxc3 27. Rd1
Qxc4+ 28. Ke1 Kd7 29. Rg7 Rf8 30. Qf3 Ke7 31. Qe3 cxd4 32. Rxd4 Qc5 33. Qg1 Nc6
34. Rd1 Qc3+ 35. Kf1 Qf6+ 36. Ke1 Qe5+ 37. Kf1 Qf4+ 38. Qf2 Qxf2+ 39. Kxf2 Ne5
40. Rg3 Rc8 41. Rd2 Rc1 42. Rg8 d5 43. Ra8 Rc7 44. Ke2 Nc4 45. Rc2 Kd6 46. Kd3
f5 47. Rf8 Rh7 48. Re2 Ne5+ 49. Kc3 Rh3+ 50. Kb2 Nd3+ 51. Kc2 Nf4 52. Re1 Rh2+
53. Kb3 Nd3 54. Ra1 Nc5+ 55. Kc3 Ke5 56. a4 Ne4+ 57. Kb3 f4 58. Kb4 Rb2+ 59.
Ka3 Re2 60. Rf1 Nf2 61. Rf7 d4 62. Rxa7 d3 63. Rb7 d2 64. Rxb6 Re3+ 65. Kb4 Re1
0-1

[Event "XXIII Festival A"]
[Site "Porto San Giorgio ITA"]
[Date "2011.08.22"]
[Round "2"]
[White "Maddaloni, Giovanni"]
[Black "Marozzi, Giovanni"]
[Result "1-0"]
[WhiteElo "1801"]
[BlackElo "1915"]
[PlyCount "63"]
[EventDate "2011.08.21"]

1. e4 c5 2. Nf3 e6 3. d3 Nc6 4. g3 d5 5. Nbd2 Bd6 6. Bg2 Nge7 7. O-O Qc7 8. c3
O-O 9. Qe2 Ng6 10. b3 b5 11. Bb2 a5 12. Rfc1 c4 13. d4 a4 14. Rcb1 a3 15. Bc1
b4 16. bxc4 Ba6 17. Qe3 dxc4 18. e5 Be7 19. Ne4 Rab8 20. h4 h5 21. Nfg5 bxc3
22. Qxc3 Rfd8 23. Qf3 Bb4 24. Qxh5 Nxd4 25. Qh7+ Kf8 26. h5 Qxe5 27. hxg6 Ke7
28. Nxf7 Ne2+ 29. Kh2 c3 30. Bg5+ Qxg5 31. Nexg5 c2 32. Nxd8 1-0

[Event "XXIII Festival A"]
[Site "Porto San Giorgio ITA"]
[Date "2011.08.22"]
[Round "2"]
[White "Maksimovic, Miodrag"]
[Black "Stella, Andrea"]
[Result "0-1"]
[WhiteElo "2068"]
[BlackElo "2412"]
[PlyCount "60"]
[EventDate "2011.08.21"]

1. e4 c5 2. Nf3 d6 3. d4 cxd4 4. Nxd4 Nf6 5. Nc3 a6 6. Be2 e5 7. Nb3 Be7 8. O-O
O-O 9. Kh1 b6 10. f4 Bb7 11. Bf3 b5 12. Qe1 Nbd7 13. a4 b4 14. Nd5 Bxd5 15.
exd5 a5 16. c4 bxc3 17. bxc3 Qc7 18. c4 Qxc4 19. Nd2 Qd4 20. Nb3 Qd3 21. Ra3
Qc4 22. Bd2 e4 23. Be2 Qxd5 24. Nxa5 Rfc8 25. Bb5 Bd8 26. Nb3 Bb6 27. Bc3 e3
28. Qa1 Ne4 29. Bd4 Rc2 30. Bxd7 Ng3+ 0-1

[Event "XXIII Festival A"]
[Site "Porto San Giorgio ITA"]
[Date "2011.08.22"]
[Round "2"]
[White "Malloni, Marcello"]
[Black "Lapenna, Michelangelo"]
[Result "1-0"]
[WhiteElo "2293"]
[BlackElo "1888"]
[PlyCount "67"]
[EventDate "2011.08.21"]

1. d4 Nf6 2. c4 e6 3. Nc3 b6 4. e4 d6 5. Bd3 Bb7 6. Nf3 Be7 7. O-O c5 8. d5 O-O
9. Re1 Na6 10. a3 Nc7 11. b4 a5 12. bxc5 bxc5 13. Bd2 Re8 14. h3 exd5 15. cxd5
Ba6 16. Bf4 Bxd3 17. Qxd3 Rb8 18. Nd2 Nh5 19. Bh2 Na8 20. Nc4 Rb3 21. Rab1 Rxb1
22. Rxb1 Bf8 23. Nb5 Qh4 24. Nbxd6 Bxd6 25. Nxd6 Rd8 26. Qf3 f6 27. g4 Qg5 28.
Kh1 Qd2 29. gxh5 Qc2 30. Rb7 Qc1+ 31. Kg2 Qg5+ 32. Qg4 Qxg4+ 33. hxg4 g6 34. h6
1-0

[Event "XXIII Festival A"]
[Site "Porto San Giorgio ITA"]
[Date "2011.08.22"]
[Round "2"]
[White "Maltempi, Angelo"]
[Black "Fagnani, Alessandro"]
[Result "0-1"]
[WhiteElo "1847"]
[BlackElo "1955"]
[PlyCount "60"]
[EventDate "2011.08.21"]

1. c4 e6 2. g3 d5 3. Bg2 dxc4 4. Nf3 Nc6 5. Na3 Bxa3 6. bxa3 e5 7. Qa4 Qd5 8.
Nh4 e4 9. d3 Qd4 10. Rb1 cxd3 11. Qxd4 Nxd4 12. Bxe4 dxe2 13. Nf3 Nf6 14. Nxd4
Nxe4 15. Nxe2 b6 16. O-O Ba6 17. Re1 O-O-O 18. Be3 Bxe2 19. Rxe2 Nc3 20. Rbb2
Nxe2+ 21. Rxe2 Rd3 22. Bf4 Kd7 23. Rc2 c5 24. a4 Rc8 25. a5 b5 26. a3 Rd5 27.
a6 Rc6 28. Rb2 Rb6 29. a4 b4 30. Rc2 Rxa6 0-1

[Event "XXIII Festival A"]
[Site "Porto San Giorgio ITA"]
[Date "2011.08.22"]
[Round "2"]
[White "Marigo, Narciso"]
[Black "Stips, Felix"]
[Result "0-1"]
[WhiteElo "1989"]
[BlackElo "2213"]
[PlyCount "116"]
[EventDate "2011.08.21"]

1. d4 f5 2. Nf3 Nf6 3. h3 d6 4. Bf4 g6 5. e3 Bg7 6. Bc4 e6 7. c3 O-O 8. Qb3 d5
9. Be2 Ne4 10. O-O Nd7 11. Bh2 g5 12. Nfd2 Ndf6 13. Nxe4 Nxe4 14. f3 Nd6 15.
Nd2 f4 16. e4 c6 17. Bd3 b6 18. Qc2 h5 19. Kh1 Bb7 20. a4 a5 21. Rae1 Ra7 22.
Re2 Bc8 23. Rfe1 Kh8 24. exd5 exd5 25. Bg6 Bf5 26. Bxf5 Nxf5 27. Nf1 Raf7 28.
Re6 Qd7 29. R6e2 Bf6 30. Qd3 Kg7 31. Qd2 Bd8 32. Qd3 Bf6 33. Qd2 Rd8 34. Qd3 c5
35. Re6 Nd6 36. dxc5 Ne4 37. R1xe4 dxe4 38. Qxd7 Rfxd7 39. fxe4 Rd1 40. Kg1 Rb1
41. Rd6 Be7 42. Rxd8 Bxc5+ 43. Rd4 Re1 44. Kf2 Rxe4 45. Kf3 Re1 46. Rd7+ Kg6
47. Rd2 Rxf1+ 48. Ke4 Re1+ 49. Kd5 Be3 50. Rc2 h4 51. b4 axb4 52. cxb4 Rh1 53.
Bxf4 gxf4 54. Kc6 Rh2 55. Kb5 Kf5 56. a5 bxa5 57. bxa5 f3 58. Rc4 fxg2 0-1

[Event "XXIII Festival A"]
[Site "Porto San Giorgio ITA"]
[Date "2011.08.22"]
[Round "2"]
[White "Marsili, Riccardo"]
[Black "Paganini, Andrea"]
[Result "1-0"]
[WhiteElo "1962"]
[BlackElo "1852"]
[PlyCount "68"]
[EventDate "2011.08.21"]

1. e4 e5 2. Nf3 Nc6 3. Bb5 d6 4. d4 Bd7 5. O-O exd4 6. Nxd4 Nf6 7. Nc3 Be7 8.
f4 O-O 9. Bxc6 bxc6 10. Nf3 Qb8 11. Qd3 Qb6+ 12. Be3 Qa5 13. Kh1 Rab8 14. Rab1
c5 15. Nd2 Be6 16. f5 Bd7 17. Nc4 Qa6 18. a4 Ng4 19. Bf4 Rb4 20. b3 Nf6 21.
Rbd1 Rd8 22. g4 Bc6 23. g5 Nxe4 24. Nxe4 d5 25. Ne5 Qxd3 26. Rxd3 Ba8 27. Ng3
f6 28. gxf6 Bxf6 29. Nh5 c4 30. Nxf6+ gxf6 31. Rg3+ Kf8 32. Bh6+ Ke7 33. Rg7+
Ke8 34. Ng4 d4+ 1-0

[Event "XXIII Festival A"]
[Site "Porto San Giorgio ITA"]
[Date "2011.08.22"]
[Round "2"]
[White "Martinez, Rolly"]
[Black "Cornaggia, Ranieri"]
[Result "1/2-1/2"]
[WhiteElo "2419"]
[BlackElo "2079"]
[PlyCount "128"]
[EventDate "2011.08.21"]

1. e4 e5 2. Nf3 Nc6 3. Nc3 Nf6 4. Bb5 Bb4 5. O-O O-O 6. d3 d6 7. Bg5 Ne7 8. Nh4
c6 9. Ba4 Ng6 10. Bb3 a5 11. a3 Bc5 12. Qf3 Nf4 13. Bxf4 exf4 14. Nf5 g6 15.
Nh6+ Kg7 16. Qxf4 Nh5 17. Qd2 Bd4 18. Nxf7 Rxf7 19. Bxf7 Kxf7 20. Nd1 Qh4 21.
c3 Bb6 22. Ne3 Nf6 23. Rae1 Bd7 24. f3 a4 25. d4 Bc7 26. Nc4 d5 27. Ne5+ Kg8
28. g3 Qh5 29. Nxd7 Nxd7 30. Kg2 Rf8 31. e5 Re8 32. h3 Kg7 33. f4 Nf8 34. Qc2
Qf5 35. Qxa4 h5 36. Qd1 Ne6 37. Rf2 Rf8 38. Kh2 Ng5 39. g4 hxg4 40. Qxg4 Ne4
41. Rf3 Ng5 42. Rg3 Qxg4 43. hxg4 Rxf4 44. Ree3 Kf7 45. a4 Ke6 46. b4 Rf1 47.
Rg2 Bd8 48. Ra2 Ne4 49. a5 Bg5 50. Rh3 Rf4 51. Rh7 Rxg4 52. b5 Bf4+ 53. Kh1
cxb5 54. Rxb7 Rh4+ 55. Kg1 Be3+ 56. Kg2 Rg4+ 57. Kh3 Rg3+ 58. Kh2 Bf4 59. a6
Rxc3+ 60. Kg2 Rg3+ 61. Kf1 Rf3+ 62. Kg2 Rg3+ 63. Kf1 Rf3+ 64. Kg2 Rg3+ 1/2-1/2

[Event "XXIII Festival A"]
[Site "Porto San Giorgio ITA"]
[Date "2011.08.22"]
[Round "2"]
[White "Mastroddi, Emiliano"]
[Black "Zannoni, Gianni"]
[Result "1-0"]
[WhiteElo "2083"]
[BlackElo "1846"]
[PlyCount "73"]
[EventDate "2011.08.21"]

1. e4 d6 2. d4 Nf6 3. Nc3 c6 4. f4 Qa5 5. Bd3 e5 6. Nf3 Bg4 7. Be3 Nbd7 8. O-O
Be7 9. h3 Bh5 10. Qe1 O-O 11. Nd5 Qd8 12. Nxe7+ Qxe7 13. dxe5 dxe5 14. f5 Bxf3
15. Rxf3 Nc5 16. Qb4 b6 17. g4 Rfe8 18. Bxc5 Qxc5+ 19. Qxc5 bxc5 20. Kf2 Rab8
21. b3 Red8 22. Ke3 Ne8 23. g5 Rd6 24. Rg1 Nc7 25. Bc4 Ne8 26. g6 Nf6 27. gxf7+
Kf8 28. Rfg3 Nh5 29. Rg5 Rh6 30. f6 g6 31. Rxe5 Nxf6 32. Rg3 Rh4 33. Rf3 Nd7
34. Re6 a5 35. a4 Rd8 36. Rd6 Ke7 37. Re6+ 1-0

[Event "XXIII Festival A"]
[Site "Porto San Giorgio ITA"]
[Date "2011.08.22"]
[Round "2"]
[White "Mazzarini, Daniele"]
[Black "Varvaglione, Antonio"]
[Result "0-1"]
[WhiteElo "1813"]
[BlackElo "1936"]
[PlyCount "78"]
[EventDate "2011.08.21"]

1. d4 Nf6 2. c4 c5 3. dxc5 e6 4. Nf3 Bxc5 5. e3 O-O 6. Bd3 Nc6 7. Nc3 d5 8. O-O
Nb4 9. Be2 dxc4 10. Bxc4 Nbd5 11. Bd2 Bd7 12. Qe2 Qc7 13. Rac1 Rac8 14. Bxd5
exd5 15. b4 Bb6 16. Nxd5 Qd8 17. Nxb6 Qxb6 18. Nd4 Nd5 19. b5 Nf4 20. exf4 Qxd4
21. Be3 Qe4 22. Rfd1 Be6 23. Qb2 Bd5 24. Rxd5 Qxd5 25. h3 Rxc1+ 26. Bxc1 Rc8
27. Be3 b6 28. Qa3 Rc7 29. Qb2 h6 30. Qb4 Qxa2 31. Qd6 Rc8 32. Qd7 Rf8 33. Qg4
Qb1+ 34. Kh2 Qxb5 35. f5 Qe5+ 36. Kg1 Qf6 37. h4 Rd8 38. Kh2 Rd5 39. Qa4 b5 0-1

[Event "XXIII Festival A"]
[Site "Porto San Giorgio ITA"]
[Date "2011.08.22"]
[Round "2"]
[White "Molina, Fabrizio"]
[Black "Piro, Valerio"]
[Result "1-0"]
[WhiteElo "2256"]
[BlackElo "2008"]
[PlyCount "173"]
[EventDate "2011.08.21"]

1. Nf3 d5 2. g3 c6 3. Bg2 Nf6 4. O-O Bf5 5. d3 Nbd7 6. c4 e6 7. b3 Bd6 8. Bb2
O-O 9. Nc3 Qe7 10. a3 a5 11. Re1 Bg6 12. cxd5 Nxd5 13. Qd2 f6 14. d4 Nxc3 15.
Bxc3 Bxa3 16. Bxa5 Bd6 17. e4 e5 18. Bc3 exd4 19. Nxd4 Rxa1 20. Bxa1 Bb4 21.
Bc3 Bxc3 22. Qxc3 Re8 23. Bh3 Qc5 24. Qxc5 Nxc5 25. f3 Rd8 26. Ne6 Nxe6 27.
Bxe6+ Bf7 28. Bc4 Rd2 29. Ra1 Bxc4 30. bxc4 Rc2 31. Rb1 Rxc4 32. Rxb7 Rc3 33.
Kg2 Rc2+ 34. Kh3 Rc3 35. Kg4 c5 36. f4 g6 37. Rb8+ Kg7 38. Rb7+ Kg8 39. e5 h5+
40. Kh4 fxe5 41. fxe5 Re3 42. Kg5 Rxe5+ 43. Kxg6 Kf8 44. Kf6 Re2 45. Rb5 Re7
46. Rb2 c4 47. Rc2 Rc7 48. Rc3 Rc5 49. Ke6 Kg7 50. Kd6 Rc8 51. Kd5 h4 52. g4 h3
53. Ke5 Kg6 54. Kf4 Rc7 55. Kg3 Rc6 56. Kxh3 Kg5 57. Kg3 Rc5 58. h4+ Kg6 59.
Kf4 Kh6 60. Ke4 Rc8 61. Kd5 Rd8+ 62. Kxc4 Rf8 63. Rd3 Rf4+ 64. Rd4 Rf1 65. Kd5
Rh1 66. g5+ Kg6 67. Ke5 Re1+ 68. Re4 Ra1 69. Kf4 Rf1+ 70. Kg4 Rg1+ 71. Kf3 Rf1+
72. Kg2 Ra1 73. Rf4 Kh5 74. Kf3 Rh1 75. Ke4 Re1+ 76. Kd4 Kg6 77. Rf6+ Kh5 78.
Rh6+ Kg4 79. g6 Kf5 80. h5 Kf6 81. Rh7 Rd1+ 82. Ke4 Re1+ 83. Kf3 Rf1+ 84. Kg2
Ra1 85. Rf7+ Kg5 86. g7 Kh6 87. g8=Q 1-0

[Event "XXIII Festival A"]
[Site "Porto San Giorgio ITA"]
[Date "2011.08.22"]
[Round "2"]
[White "Naumkin, Igor"]
[Black "Pascucci, Marco"]
[Result "1/2-1/2"]
[WhiteElo "2486"]
[BlackElo "2091"]
[PlyCount "50"]
[EventDate "2011.08.21"]

1. d4 Nf6 2. Nf3 e6 3. c4 c5 4. d5 exd5 5. cxd5 g6 6. Nc3 d6 7. e4 Bg7 8. Be2
O-O 9. O-O Na6 10. Bf4 Nc7 11. a4 b6 12. h3 Re8 13. Nd2 a6 14. Bh2 Rb8 15. Nc4
Nxe4 16. Nxe4 Rxe4 17. Nxd6 Rd4 18. Qb3 Bb7 19. Nxb7 Rxb7 20. d6 Ne8 21. Rad1
Nxd6 22. Bxa6 Re7 23. Rxd4 Bxd4 24. Qd5 Re6 25. b3 Qe7 1/2-1/2

[Event "XXIII Festival A"]
[Site "Porto San Giorgio ITA"]
[Date "2011.08.22"]
[Round "2"]
[White "Palit, Somak"]
[Black "Arnetta, Maria Teresa"]
[Result "1-0"]
[WhiteElo "2372"]
[BlackElo "2069"]
[PlyCount "65"]
[EventDate "2011.08.21"]

1. d4 e6 2. Nf3 f5 3. Bg5 Nf6 4. Nbd2 Be7 5. Bxf6 Bxf6 6. e4 d6 7. Bd3 Nc6 8.
c3 O-O 9. Qc2 a5 10. O-O-O a4 11. a3 Bd7 12. exf5 exf5 13. Bxf5 Bxf5 14. Qxf5
Ra5 15. Qd3 Bg5 16. Kb1 Bxd2 17. Rxd2 Qf6 18. Re1 Raa8 19. Rde2 Qf5 20. Qxf5
Rxf5 21. Re8+ Rf8 22. Rxa8 Rxa8 23. d5 Na5 24. Re7 c6 25. Nd4 cxd5 26. Ne6 g6
27. f4 Nc4 28. g4 b5 29. Kc1 Rb8 30. h3 Rc8 31. f5 gxf5 32. gxf5 Nxa3 33. f6
1-0

[Event "XXIII Festival A"]
[Site "Porto San Giorgio ITA"]
[Date "2011.08.22"]
[Round "2"]
[White "Paniga, Danilo"]
[Black "Ragonese, Lucio Rosario"]
[Result "0-1"]
[WhiteElo "1858"]
[BlackElo "1969"]
[PlyCount "60"]
[EventDate "2011.08.21"]

1. d4 f5 2. Nf3 Nf6 3. e3 g6 4. Nbd2 Bg7 5. Bd3 O-O 6. e4 fxe4 7. Nxe4 Nxe4 8.
Bxe4 d5 9. Bd3 Bg4 10. Be2 Nc6 11. c3 Qd6 12. O-O Rad8 13. Ng5 Bxe2 14. Qxe2 e5
15. dxe5 Nxe5 16. f4 Nf7 17. Nf3 Rfe8 18. Qd3 Nh6 19. g3 Qc5+ 20. Kg2 Nf5 21.
Re1 Rxe1 22. Nxe1 Re8 23. Nc2 d4 24. Nxd4 Nxd4 25. cxd4 Qd5+ 26. Kh3 Qh5+ 27.
Kg2 Re2+ 28. Kf1 Rxh2 29. Qb3+ Kh8 30. Be3 Qe2+ 0-1

[Event "XXIII Festival A"]
[Site "Porto San Giorgio ITA"]
[Date "2011.08.22"]
[Round "2"]
[White "Panjkovic, Aleksandar"]
[Black "Bisi, Samuele"]
[Result "1/2-1/2"]
[WhiteElo "2173"]
[BlackElo "1977"]
[PlyCount "84"]
[EventDate "2011.08.21"]

1. c4 Nf6 2. g3 e6 3. Bg2 c5 4. Nf3 Nc6 5. O-O Be7 6. b3 O-O 7. Bb2 d5 8. e3 b6
9. Nc3 Bb7 10. cxd5 Nxd5 11. Nxd5 Qxd5 12. Ne5 Qd6 13. Nc4 Qd7 14. Qg4 f6 15.
d4 cxd4 16. exd4 f5 17. Qe2 Bf6 18. Ne5 Bxe5 19. dxe5 Ne7 20. Bxb7 Qxb7 21. Ba3
Rfd8 22. Bxe7 Qxe7 23. Rfd1 Rac8 24. Rxd8+ Rxd8 25. Rc1 Qd7 26. Qc4 Kf7 27. Qb4
Qd2 28. Rc7+ Rd7 29. Qc4 Ke7 30. Kg2 Rxc7 31. Qxc7+ Qd7 32. Qc4 Qb7+ 33. f3 g5
34. Kf2 Qd7 35. Ke3 Qd1 36. Qc7+ Qd7 37. Qb8 f4+ 38. gxf4 gxf4+ 39. Kxf4 Qd4+
40. Kg3 Qg1+ 41. Kh3 Qf1+ 42. Kg3 Qg1+ 1/2-1/2

[Event "XXIII Festival A"]
[Site "Porto San Giorgio ITA"]
[Date "2011.08.22"]
[Round "2"]
[White "Papa, Angelo"]
[Black "Bolog, Iacint"]
[Result "1-0"]
[WhiteElo "1848"]
[BlackElo "1959"]
[PlyCount "121"]
[EventDate "2011.08.21"]

1. d4 d5 2. c4 c6 3. cxd5 cxd5 4. Nc3 e6 5. Nf3 Nc6 6. Bf4 a6 7. e3 h6 8. h3 g5
9. Be5 Nxe5 10. Nxe5 Bg7 11. Qa4+ Bd7 12. Nxd7 Qxd7 13. Bb5 axb5 14. Qxa8+ Ke7
15. Qa3+ Kf6 16. O-O Ne7 17. Qc5 Rc8 18. Qxb5 Qxb5 19. Nxb5 Rd8 20. Rfc1 Nc6
21. a3 Na5 22. Rc7 Nb3 23. Rd1 Rb8 24. Kf1 Bf8 25. Rd3 Na5 26. b3 Be7 27. Rdc3
Nc6 28. a4 Bb4 29. Rc1 h5 30. Ke2 Kg6 31. R7xc6 bxc6 32. Rxc6 g4 33. h4 Kf5 34.
Kd3 Be1 35. Rc7 Kg6 36. Ke2 Bb4 37. f3 Ba5 38. Rc6 Bb4 39. e4 gxf3+ 40. gxf3
dxe4 41. fxe4 Kg7 42. Kf3 Be1 43. Rc1 Bd2 44. Rc2 Be1 45. Kf4 Kf6 46. e5+ Ke7
47. Rc7+ Kf8 48. Kg5 Kg7 49. Kxh5 Rh8+ 50. Kg5 Bxh4+ 51. Kg4 Bd8 52. Rc8 Rh4+
53. Kg3 Bg5 54. a5 Rh1 55. a6 Rb1 56. a7 Rxb3+ 57. Rc3 Rxb5 58. a8=Q Bd2 59.
Rf3 Be1+ 60. Kg4 Rb4 61. Qa7 1-0

[Event "XXIII Festival A"]
[Site "Porto San Giorgio ITA"]
[Date "2011.08.22"]
[Round "2"]
[White "Pescatore, Lorenzo"]
[Black "Cafaro, Luca"]
[Result "1-0"]
[WhiteElo "2121"]
[BlackElo "1774"]
[PlyCount "87"]
[EventDate "2011.08.21"]

1. e4 e5 2. Nf3 Nc6 3. d4 exd4 4. Bc4 Nf6 5. e5 d5 6. Bb5 Ne4 7. Nxd4 Bd7 8.
Bxc6 bxc6 9. O-O Bc5 10. Be3 Bb6 11. f3 Ng5 12. f4 Ne4 13. Nd2 c5 14. N4b3 Nxd2
15. Qxd2 c4 16. Nd4 c5 17. Ne2 d4 18. Bf2 Bc6 19. Ng3 Qd5 20. Be1 Ba5 21. Qf2
Bxe1 22. Raxe1 O-O-O 23. c3 Kb8 24. Rd1 h5 25. Nf5 Qe6 26. Nd6 Rxd6 27. exd6 h4
28. f5 Qe4 29. d7 Bxd7 30. cxd4 h3 31. Qf4+ Qxf4 32. Rxf4 hxg2 33. Kxg2 cxd4
34. Rdxd4 Bc6+ 35. Kg3 Rh5 36. Rxc4 Bd5 37. Rc5 Bb7 38. Rh4 Rxh4 39. Kxh4 Bc8
40. Kg5 Bd7 41. f6 gxf6+ 42. Kxf6 Be6 43. h4 Bxa2 44. h5 1-0